Loading...
| History - Other | 0 | 6 | 2 | 0 | 50 | 53 | 65.67 | 1 | 2 | 21.92 | 38.94 |
| History - World | 0 | 5 | 1 | 0 | 45 | 30 | 52.20 | 2 | 3 | 23.29 | 34.09 |
| History - European | 0 | 5 | 2 | 0 | 40 | 29 | 49.60 | 0 | 1 | 24.43 | 25.28 |
| Science - Other | 0 | 4 | 1 | 0 | 35 | 17 | 74.25 | 0 | 1 | 11.66 | 19.56 |
| Mythology | 0 | 3 | 0 | 1 | 30 | 73 | 90.00 | 0 | 0 | 7.03 | 9.01 |
| Philosophy | 0 | 3 | 1 | 0 | 25 | 29 | 48.67 | 0 | 2 | 19.84 | 29.51 |
| Science - Physics | 0 | 3 | 1 | 0 | 25 | 15 | 48.33 | 0 | 2 | 14.98 | 16.53 |
| Social Science | 0 | 2 | 0 | 1 | 20 | 55 | 82.50 | 0 | 1 | 5.50 | 9.90 |
| Literature - World | 0 | 2 | 0 | 0 | 20 | 63 | 83.00 | 0 | 0 | 5.65 | 8.68 |
| Religion | 0 | 2 | 1 | 0 | 15 | 64 | 68.00 | 0 | 0 | 7.92 | 5.45 |
| History - American | 0 | 1 | 0 | 0 | 10 | 38 | 38.00 | 0 | 0 | 6.06 | 6.36 |
| Popular Culture | 0 | 1 | 0 | 0 | 10 | 34 | 34.00 | 0 | 0 | 11.52 | 11.11 |
| Literature - British | 0 | 1 | 0 | 0 | 10 | 91 | 91.00 | 0 | 0 | 2.25 | 3.31 |
| Geography | 0 | 1 | 1 | 0 | 5 | 95 | 95.00 | 0 | 0 | 2.27 | 9.09 |
| Science - Chemistry | 0 | 0 | 1 | 0 | -5 | 0.00 | 0 | 0 | 0.00 | 0.00 | |
| Science - Biology | 0 | 0 | 1 | 0 | -5 | 0.00 | 0 | 0 | 0.00 | 0.00 |